00692nam a2200181Ia 4500003000900000005001700009008004100026040001300067040001300080041000800093100002800101245004700129250001200176260006900188300001800257490000600275520022900281IT-RoPAU20220918175720.0120407s9999 xx 000 0 und d aIT-RoPAU cIT-RoPAU aeng aAlberione, Giacomocssp aJames Alberione bA marvel of this century a1° ed. aMiddlegreen, Slough SL3 6BT, EnglandbSt Paul Publicationsc1984 a163 p.c21 cm v1 aCONTENTS SECTION I: JAMES ALBERIONE "A marvel of this century" A brief history of his life, his times and his work; SECTION II: JAMES ALBERIONE Thoughts: fragments of apostolic spirituality drawn from his writings and talks.